Multiplication in 30 Seconds - Statistics

General Stats
  • This quiz has been taken 326 times
  • The average score is 12 of 15
Answer Stats
Question Answer % Correct
4x4 16
100%
8x7 56
95%
9x1 9
93%
4x11 44
89%
9x3 27
87%
6x7 42
87%
3x7 21
86%
10x10 100
83%
10x13 130
83%
9x8 72
81%
11x12 132
79%
12x9 108
74%
60x2 120
72%
1x8121 8121
71%
50x4 200
67%
No matching quizzes found
Score Distribution
Percent of People with Each Score
Percentile by Number Answered
Your Score History
You have not taken this quiz